000 00853pam a2200301 4500
001 2677330
003 OSt
005 20140310182243.0
008 740716s1974 nyua j 000 1 eng
010 _a 74002887
020 _a0803760981
020 _a0803760965 (lib. bdg.)
040 _aDLC
_cDLC
_dDLC
042 _alcac
050 0 0 _aPZ 7
_b.G799 1974
082 0 0 _aFIC
_bG83p 2000
100 1 _aGreene, Bette,
_d1934-
_919231
245 _aPhilip hall likes me /
_cBette Greene.
260 _aNew York :
_bScholastic Inc.,
_c2000.
300 _a135 p. :
_bill. ;
_c19 cm.
500 _aSequel: Get on out of here, Philip Hall.
520 _a.
650 1 _aFriendship
_xFiction.
_919232
700 1 _aLilly, Charles,
_eillus.
_919233
906 _a7
_bcbc
_corignew
_d1
_eocip
_f19
_gy-gencatlg
942 _2lcc
_cBK-FIC
999 _c11185
_d11185